Debating dropouts : critical policy and research perspectives on school leaving /

Bibliographic Details
Other Authors: Kelly, Deirdre M., Gaskell, Jane S. (Jane Stobo)
Format: Book
Language:English
Published: New York : Teachers College Press, [1996]
Subjects:

MARC

Tag First Indicator Second Indicator Subfields
LEADER 00000cam a2200000 a 4500
001 in00001313721
005 20151005064114.0
008 960305s1996 nyu b 001 0 eng
010 |a  96012596  
020 |a 0807735418 (pbk. : alk. paper) 
020 |a 0807735426 (cloth : alk. paper) 
035 |a (OCoLC)34356469 
035 |9 AHC0966AM 
040 |a DLC  |c DLC  |d OCL  |d TXA  |d UtOrBLW 
043 |a n-us---  |a n-cn--- 
049 |a TXAM 
050 0 0 |a LC143  |b .D33 1996 
082 0 0 |a 371.2/913/097  |2 20 
245 0 0 |a Debating dropouts :  |b critical policy and research perspectives on school leaving /  |c Deirdre Kelly, Jane Gaskell, editors. 
264 1 |a New York :  |b Teachers College Press,  |c [1996] 
264 4 |c ©1996 
300 |a xviii, 222 pages ;  |c 24 cm. 
336 |a text  |b txt  |2 rdacontent 
337 |a unmediated  |b n  |2 rdamedia 
338 |a volume  |b nc  |2 rdacarrier 
504 |a Includes bibliographical references and index. 
650 0 |a Dropouts  |z United States. 
650 0 |a Dropouts  |z Canada. 
650 0 |a Dropouts  |x Research. 
700 1 |a Kelly, Deirdre M. 
700 1 |a Gaskell, Jane S.  |q (Jane Stobo) 
999 |a MARS 
999 f f |s e9b003d9-564c-36a0-b44e-ea2049a1e1d0  |i a553db6d-f95f-380d-8056-1d5802540e23  |t 0 
952 f f |p normal  |a Texas A&M University  |b College Station  |c Sterling C. Evans Library  |d Evans: Library Stacks  |t 0  |e LC143 .D33 1996  |h Library of Congress classification  |i unmediated -- volume  |m A14820307568 
998 f f |a LC143 .D33 1996  |t 0  |l Evans: Library Stacks